Постановление ЦИК Союза ССР о присвоении заводу № 19 им. тов. Сталина И. В.

RUSMARC
00004806nac2a22003253x 450
001b604397e-2c30-4c58-b55f-00bad678d964
00520250805133731.0
100##$a20250619l1935 k y0rusy50 ca
1010#$arus
102##$aRU
105##$ay z |||||
1220#$ad19351220
2001#$aПостановление ЦИК Союза ССР о присвоении заводу № 19 им. тов. Сталина И. В.
$j20.12.1935
215##$a1 лист
$d35,1 х 24
251##$cДело
300##$aЗаголовок дела на папке: Постановление ЦИК Союза ССР О присвоении заводу № 19 имени тов. Сталина
300##$aМашинописный текст с рукописными пометками
330##$aВходит в раздел описи: Оргкомиссия
461#0$1001796d4672-8a00-4986-b488-6e42273792cc
$12001
$aЦЕНТРАЛЬНЫЙ ИСПОЛНИТЕЛЬНЫЙ КОМИТЕТ СССР (ЦИК СССР).
$1251
$cФонд
$1852
$gР
$j3316
462#0$1001b2b03070-aa26-4135-b154-6f52ec7c8bcd
$12001
$aДела Секретариата Президиума ЦИК Союза ССР за 1935 год
$vД. 110
$1251
$cОпись
$1852
$j28
5171#$aПостановление ЦИК Союза ССР О присвоении заводу № 19 имени тов. Сталина
60102$aЗавод имени тов. Сталина
$c19
605##$3DITM\AF\0000002775
$aВласть
$lколлекция
$2acquisition_prlib
6101#$aПостановление
$aПрисвоение имени
$aЗавод
$aСталин И. В.
686##$a67.401.011.12ю1
$cПраво
$2rubbk
686##$a63.3(2)614-332ю1
$cИстория
$2rubbk
71001$3RU\NLR\AUTH\880357276
$aСССР
$bЦИК
801#0$aRU
$bGA_RF
801#1$aRU
$bГлавНИВЦ
$c20250619
$2rusmarc
801#2$aRU
$bПБ им. Б.Н. Ельцина
$c20250805
$gRCR
$2rusmarc
852##$aГА РФ
$j110
937##$d197769407
$hГАРФ
035##$aRuPRLIB51080388
856##$uhttp://readingroom.main.prlib.ru/item.aspx?id_node=n197769407&mode=full
Формат отображения